Loading...
| Science - Other | 0 | 2 | 0 | 1 | 20 | 129 | 131.00 | 0 | 1 | 0.22 | 8.93 |
| Auditory Arts | 0 | 1 | 0 | 0 | 10 | 104 | 104.00 | 0 | 1 | 2.01 | 10.71 |
| History - European | 0 | 1 | 1 | 1 | 5 | 145 | 145.00 | 0 | 0 | 0.10 | 5.36 |
| Literature - American | 0 | 0 | 0 | 0 | 0 | 0.00 | 0 | 0 | 0.00 | 0.00 | |
| Fine Arts - Other Arts | 0 | 0 | 0 | 0 | 0 | 0.00 | 0 | 0 | 0.00 | 0.00 | |
| Philosophy | 0 | 0 | 0 | 0 | 0 | 0.00 | 0 | 0 | 0.00 | 0.00 | |
| Science - Chemistry | 0 | 0 | 0 | 0 | 0 | 0.00 | 0 | 0 | 0.00 | 0.00 | |
| Science - Physics | 0 | 0 | 1 | 0 | -5 | 0.00 | 0 | 0 | 0.00 | 0.00 | |
| History - World | 0 | 0 | 1 | 0 | -5 | 0.00 | 0 | 0 | 0.00 | 0.00 | |
| History - Ancient | 0 | 0 | 1 | 0 | -5 | 0.00 | 0 | 0 | 0.00 | 0.00 |